000 00655nab a2200193 4500
001 244442
003 OSt
005 20250331091624.0
007 tu
008 200917s2020|||||||
040 _aDE-2950
_cDE-2950
245 0 0 _aTrendwende zum Jubiläum?
_bEinkaufen. Die Lenné-Passagen werden 25 Jahre alt. Doch der Komplex hat seit geraumer Zeit mit Leerstand zu kämpfen. Wie der neue Chef die Trendumkehr schaffen will/
_cThomas Gutke
264 _c2024
653 _aFrankfurt (Oder)
653 _aLenné-Passagen
653 _aJubiäum
773 0 _g36. Jahrgang (2025) Nr. 73 vom 27.03.2025, S. 13 mit Foto
_tMärkische Oderzeitung
942 _2z
_cA
999 _c373671
_d373671